[Event "34th Rilton Cup"]
[Site "Stockholm SWE"]
[Date "2005.01.04"]
[Round "8"]
[White "Mardell,Ji"]
[Black "Hedman,E"]
[Result "0-1"]
[WhiteElo "2078"]
[BlackElo "2320"]

1.e4 c5 2.c3 Nf6 3.e5 Nd5 4.d4 cxd4 5.Nf3 Nc6 6.Bc4 Nb6 7.Bb3 g6 8.cxd4 Bg7
9.O-O O-O 10.h3 d6 11.Qe2 Bf5 12.Nc3 dxe5 13.d5 Nd4 14.Qd1 Nxb3 15.axb3 e4
16.Nh4 Bd7 17.Re1 f5 18.Bg5 Bf6 19.Bxf6 Rxf6 20.Qc1 Rd6 21.Rd1 Be8 22.Qg5 e6
23.Qg3 Nxd5 24.Qe5 Bf7 25.g4 Rd7 26.Ng2 Nxc3 27.Rxd7 Ne2+ 28.Kf1 Qxd7 29.Kxe2 Be8
30.Nf4 Qb5+ 31.Qxb5 Bxb5+ 32.Ke3 Kf7 33.Rc1 Bc6 34.gxf5 exf5 35.h4 Rd8 36.Rc5 Kf6
37.Ra5 h6 38.Rc5 g5 39.hxg5+ hxg5  0-1

[Event "XI Open A"]
[Site "Bosnjaci CRO"]
[Date "2005.01.05"]
[Round "4"]
[White "Pucovski,M"]
[Black "Zufic,M"]
[Result "0-1"]
[WhiteElo "2321"]
[BlackElo "2370"]

1.e4 c5 2.c3 Nf6 3.e5 Nd5 4.d4 cxd4 5.Nf3 e6 6.cxd4 d6 7.Bd2 dxe5 8.dxe5 Qb6
9.Na3 Nc6 10.Bd3 Be7 11.O-O Bd7 12.Qe2 Nd4 13.Nxd4 Qxd4 14.Nb5 Qb6 15.Nc3 Nxc3
16.Bxc3 Bc6 17.Rac1 O-O 18.Rfd1 Rfd8 19.Be4 Bxe4 20.Qxe4 Bc5 21.Qe2 Rd5 22.Rxd5 exd5
23.b4 Bd4 24.Qb2 Bxc3 25.Qxc3 h6 26.Rd1 Qe6 27.Qd4 Rc8 28.g3 Rc2 29.a3 Ra2
30.Rd3 Qf5 31.Kg2 Rxf2+ 32.Qxf2 Qxd3 33.Qxa7 Qe4+ 34.Kf2 d4 35.Qc5 Qe3+ 36.Kg2 Kh7
37.Kf1 Qf3+ 38.Ke1 Qh1+ 39.Kf2 Qxh2+ 40.Kf3 Qh1+ 41.Kf2 Qe4 42.a4 Qe3+ 43.Kg2 Qe2+  0-1

[Event "Lidums Australian Open"]
[Site "Mount Buller AUS"]
[Date "2005.01.05"]
[Round "8"]
[White "Smerdon,D"]
[Black "Kengis,E"]
[Result "1/2-1/2"]
[WhiteElo "2425"]
[BlackElo "2543"]

1.e4 c5 2.c3 Nf6 3.e5 Nd5 4.Nf3 e6 5.d4 cxd4 6.cxd4 d6 7.Bc4 Nc6 8.O-O Be7
9.Qe2 O-O 10.Qe4 Bd7 11.Rd1 Rc8 12.exd6 Bxd6 13.Bxd5 exd5 14.Qxd5 Bg4 15.Nc3 Re8
16.h3 Nb4 17.Qg5 Bxf3 18.Qxd8 Rcxd8 19.gxf3 Nc2 20.Bg5 Nxa1 21.Bxd8 Nc2 22.Bg5 Ne1
23.Ne4 Nxf3+ 24.Kg2 Nh4+ 25.Bxh4 Rxe4 26.Bg3 Bxg3 27.Kf3 f5 28.fxg3 Kf7 29.g4  1/2-1/2

[Event "ch-FENACH"]
[Site "Santiago CHI"]
[Date "2005.01.08"]
[Round "9"]
[White "Riffo,E"]
[Black "Arancibia,E"]
[Result "0-1"]
[WhiteElo "2299"]
[BlackElo "2364"]

1.e4 c5 2.c3 Nf6 3.e5 Nd5 4.d4 cxd4 5.Nf3 Nc6 6.Bc4 Nb6 7.Bb3 d5 8.exd6 Qxd6
9.O-O Bf5 10.Na3 dxc3 11.Ng5 e6 12.Qf3 Qd3 13.Be3 Bxa3 14.Rad1 Qb5 15.g4 cxb2
16.gxf5 Qxf5 17.Qxf5 exf5 18.Bxf7+ Ke7 19.Rfe1 Kf6 20.Bf4 g6 21.Re6+ Kg7
22.Rxc6 bxc6 23.Be5+ Kh6 24.Ne6 Nd5 25.Kg2 f4 26.Rxd5 cxd5  0-1

[Event "XXX Open"]
[Site "Seville ESP"]
[Date "2005.01.10"]
[Round "4"]
[White "Gallardo Fernandez,C"]
[Black "Komljenovic,D"]
[Result "0-1"]
[WhiteElo "2163"]
[BlackElo "2479"]

1.e4 c5 2.c3 Nf6 3.e5 Nd5 4.d4 cxd4 5.Nf3 e6 6.Bc4 dxc3 7.Bxd5 cxb2 8.Bxb2 Qa5+
9.Nc3 Ba3 10.Qb3 Bxb2 11.Qxb2 exd5 12.O-O Nc6 13.Rfd1 Qb4 14.Qxb4 Nxb4 15.Rab1 Na6
16.Rxd5 b6 17.Nb5 O-O 18.Nd6 Nc5 19.Nd4 Ba6 20.Nb3 Ne6 21.g3 f6 22.f4 Nc7
23.Rd2 fxe5 24.fxe5 Nb5 25.Ne4 Rae8 26.Rxd7 Rxe5 27.Nbd2 Bc8 28.Rd3 Bf5 29.Re1 Rfe8
30.Rde3 Nd4 31.Rd3 Nc2 32.Rc1 Bxe4 33.Nxe4 Nb4  0-1

[Event "112th ch-NZL"]
[Site "Wanganui NZL"]
[Date "2005.01.10"]
[Round "11"]
[White "Smith,Ro"]
[Black "Garbett,P"]
[Result "1/2-1/2"]
[WhiteElo "2251"]
[BlackElo "2303"]

1.e4 c5 2.c3 Nf6 3.e5 Nd5 4.d4 cxd4 5.Nf3 e6 6.cxd4 d6 7.a3 Bd7 8.Bd3 Bc6
9.O-O Nd7 10.b4 a6 11.Nbd2 Nf4 12.Be4 d5 13.Bc2 Bb5 14.Re1 Rc8 15.Nb3 Ng6
16.Bg5 Be7 17.Bxe7 Qxe7 18.Nc5 b6 19.Nxd7 Qxd7 20.Qd2 O-O 21.Rac1 Rc7 22.Bxg6 hxg6
23.Rxc7 Qxc7 24.Rc1 Qd7 25.Qc3 Bc4 26.Qe3 Rc8 27.h4 Rc7 28.Rc3 Qe7 29.Qf4 Be2
30.Rxc7 Qxc7 31.Ng5 Bb5 32.Qg4 Bd3 33.Qf4 Bb5 34.Qg4 Bd3 35.Qf4 Bb5 36.Qg4  1/2-1/2

[Event "Corus C"]
[Site "Wijk aan Zee NED"]
[Date "2005.01.15"]
[Round "1"]
[White "Jonkman,H"]
[Black "Mamedjarova,Z"]
[Result "1/2-1/2"]
[WhiteElo "2399"]
[BlackElo "2349"]

1.e4 c5 2.c3 Nf6 3.e5 Nd5 4.Nf3 d6 5.d4 cxd4 6.cxd4 e6 7.Bd3 Be7 8.O-O O-O
9.Nc3 dxe5 10.dxe5 Nxc3 11.bxc3 Nd7 12.Qc2 h6 13.Qe2 Re8 14.Qe4 Nf8 15.Nd4 Qa5
16.Bd2 Rd8 17.Rfe1 f5 18.Qe2 a6 19.g4 f4 20.Be4 Kh8 21.Bxf4 Qxc3 22.Nf3 Bd7
23.Rec1 Qa5 24.a4 Bc6 25.Bxc6 bxc6 26.Rxc6 Qd5 27.Rc7 Ng6 28.Bg3 Rf8 29.Ne1 Bd8
30.Rcc1 Nf4 31.Bxf4 Rxf4 32.Ng2 Re4 33.Qf3 Bg5 34.Re1 Rxe1+ 35.Nxe1 Rd8 36.Qxd5 Rxd5
37.Nf3 Bf4 38.Re1 Rd3 39.Kg2 Ra3 40.Re4 g5 41.h4 Ra2 42.hxg5 hxg5 43.Ng1 Kg8
44.Nh3 Bc1 45.Rc4 Bd2 46.Kf3 Ra3+ 47.Ke2 Rxh3 48.Kxd2 Rf3 49.Ke2 Ra3 50.f3 a5
51.Kf2 Kg7 52.Kg3 Kf7 53.Rc7+ Kf8 54.Rc8+ Kf7 55.Rc7+ Kf8 56.Rh7 Re3 57.Kf2 Rxe5
58.Rc7 Ke8 59.Rc4 Kf7 60.f4 gxf4 61.Kf3 Rd5 62.Kxf4 Kf6 63.Ke4 Re5+ 64.Kf4 Rd5
65.Ke4 Re5+ 66.Kf4  1/2-1/2

[Event "TCh-BEL 2004-5"]
[Site "Belgium BEL"]
[Date "2005.01.16"]
[Round "7"]
[White "Praet,M"]
[Black "Verduyn,F"]
[Result "1/2-1/2"]
[WhiteElo "2199"]
[BlackElo "2303"]

1.e4 c5 2.c3 Nf6 3.e5 Nd5 4.d4 cxd4 5.Nf3 Nc6 6.Bc4 Nb6 7.Bb3 d5 8.exd6 Qxd6
9.Na3 dxc3 10.Qxd6 exd6 11.Nb5 Rb8 12.O-O Be7 13.Re1 O-O 14.bxc3 Bg4 15.Nxa7 Bf6
16.Nb5 Bxf3 17.gxf3 Ne5 18.Kg2 Nd3 19.Rd1 Nxc1 20.Raxc1 d5 21.Bxd5 Nxd5 22.Rxd5 Rfe8
23.Rc2 h6 24.c4 b6 25.Nd6 Re1 26.Ne4 Be7 27.Re5 Kf8 28.Nf6 Rxe5 29.Nd7+ Ke8
30.Nxe5 Rc8 31.Re2 Bd6 32.Nd3+ Kd7 33.Rc2 Ra8  1/2-1/2

[Event "TCh-BEL 2004-5"]
[Site "Belgium BEL"]
[Date "2005.01.16"]
[Round "7"]
[White "Van Leent,D"]
[Black "Kohlweyer,B"]
[Result "0-1"]
[WhiteElo "2262"]
[BlackElo "2429"]

1.e4 c5 2.c3 Nf6 3.e5 Nd5 4.d4 cxd4 5.Nf3 e6 6.cxd4 d6 7.a3 Bd7 8.Bd3 Bc6
9.O-O Nd7 10.Re1 Qc7 11.Bd2 dxe5 12.dxe5 g6 13.Nc3 Nxc3 14.Bxc3 Bg7 15.Be4 Bxe4
16.Rxe4 O-O 17.Bb4 Rfc8 18.Bd6 Qc6 19.Re3 Bh6 20.Rc3 Qe4 21.Qb3 Rxc3 22.Qxc3 Nb6
23.Rd1 Rc8 24.Qa5 Qa4 25.Qxa4 Nxa4 26.b3 Nc3 27.Rd3 Ne2+ 28.Kf1 Nc1 29.Rd4 Nxb3
30.Rb4 Na5 31.Ra4 Rc1+ 32.Ke2 Nc6 33.h4 Bg7 34.Re4 Rc2+ 35.Ke1 h6 36.Re3 Rb2
37.Nd2 g5 38.hxg5 hxg5 39.Nc4 Rb1+ 40.Kd2 b5 41.Kc2 Rf1  0-1

[Event "ch-Kiev"]
[Site "Kiev UKR"]
[Date "2005.01.16"]
[Round "2"]
[White "Kiselev,Vl"]
[Black "Kernazhitsky,L"]
[Result "1-0"]
[WhiteElo "2160"]
[BlackElo "2377"]

1.e4 c5 2.c3 Nf6 3.e5 Nd5 4.d4 cxd4 5.Qxd4 e6 6.Bc4 Nc6 7.Qe4 f5 8.Qe2 Nde7
9.Nf3 Ng6 10.O-O Qc7 11.Re1 Be7 12.Na3 a6 13.Nc2 O-O 14.Ncd4 Ncxe5 15.Nxe5 Nxe5
16.Bxe6+ dxe6 17.Bf4 Qb6 18.Bxe5 Bd7 19.Rad1 Rad8 20.h3 Bc8 21.b4 Rf7 22.a3 Bf6
23.Qc4 Bxe5 24.Rxe5 Qc7 25.Rc5 Qb8 26.Re1 Bd7 27.Nxe6 Bxe6 28.Qxe6 g6 29.Rd5 Qc7
30.c4 Kg7 31.c5 Rxd5 32.Qxd5 Rd7 33.Qc4 Qd8 34.Qe6 Rd1 35.Qe5+ Kf7 36.Rxd1 Qxd1+
37.Kh2 Qd2 38.Qe3 Qxe3 39.fxe3 Ke6 40.Kg3 Kd5 41.Kf4 Kc4 42.g4 fxg4 43.hxg4 h5
44.gxh5 gxh5 45.Kg5 a5 46.c6 bxc6 47.bxa5 Kb5 48.e4 c5 49.e5 c4 50.e6 Kc6
51.a6 c3 52.a7 Kb7 53.e7 c2 54.a8=Q+  1-0

[Event "ch-Kiev"]
[Site "Kiev UKR"]
[Date "2005.01.21"]
[Round "4"]
[White "Pavlov,S2"]
[Black "Golichenko,I"]
[Result "1-0"]
[WhiteElo "2368"]
[BlackElo "2240"]

1.e4 c5 2.c3 Nf6 3.e5 Nd5 4.Nf3 Nc6 5.Na3 e6 6.Nc4 Qc7 7.d4 b5 8.Ne3 Nxe3
9.fxe3 a6 10.Bd3 Be7 11.O-O O-O 12.a4 b4 13.Qc2 h6 14.c4 Bb7 15.b3 d6 16.exd6 Bxd6
17.Bb2 Ne7 18.Rae1 Rac8 19.Qf2 Rcd8 20.Bb1 Nc6 21.Kh1 f5 22.Qe2 e5 23.d5 Ne7
24.Nh4 Bc8 25.g4 e4 26.gxf5 Nxf5 27.Ng6 Rf7 28.Qg2 Re8 29.Rg1 a5 30.Re2 Qd8
31.Rf2 Qg5 32.Qxg5 hxg5 33.Re2 Nh4 34.Nxh4 gxh4 35.Reg2 Ree7 36.Rg6 Be5 37.Bxe5 Rxe5
38.Rc6 Bd7 39.Rxc5 Ref5 40.Rxa5 Rf2 41.Bxe4 Re7 42.Ra8+ Kf7 43.Bg6+  1-0

[Event "It"]
[Site "Chernigov UKR"]
[Date "2005.01.22"]
[Round "1"]
[White "Eschenko,V"]
[Black "Mazurok,A"]
[Result "1/2-1/2"]
[WhiteElo "2438"]
[BlackElo "2427"]

1.e4 c5 2.c3 Nf6 3.e5 Nd5 4.d4 cxd4 5.Nf3 Nc6 6.Bc4 Nb6 7.Bb3 d5 8.exd6 Qxd6
9.O-O Be6 10.Bxe6 Qxe6 11.Nxd4 Nxd4 12.Qxd4 Qd5 13.Be3 e6 14.Qxd5 Nxd5 15.Bd4 a6
16.Nd2 Rd8 17.Nf3 f6  1/2-1/2

[Event "IMA1"]
[Site "Marianske Lazne CZE"]
[Date "2005.01.22"]
[Round "1"]
[White "Hardarson,R"]
[Black "Becker,Mart"]
[Result "1-0"]
[WhiteElo "2325"]
[BlackElo "2251"]

1.e4 c5 2.c3 Nf6 3.e5 Nd5 4.d4 cxd4 5.Nf3 Nc6 6.cxd4 d6 7.Bc4 Nb6 8.Bb3 dxe5
9.Nxe5 Nxe5 10.dxe5 Qxd1+ 11.Bxd1 e6 12.O-O Bd7 13.Bf3 Bc6 14.Bxc6+ bxc6
15.Nc3 Be7 16.Rd1 Nc4 17.f4 Bc5+ 18.Kf1 Ke7 19.Ne4 Bb6 20.Ke2 Rhd8 21.Rxd8 Rxd8
22.b3 Rd4 23.Nc3 Na5 24.Be3 Rd7 25.Na4 Bxe3 26.Kxe3 Kd8 27.Rc1 Kc7 28.b4 Nb7
29.a3 a6 30.Nc3 f6 31.exf6 gxf6 32.Ne4 Rg7 33.Nc5 Nxc5 34.Rxc5 Rd7 35.Rh5 Kb6
36.a4 f5 37.Rh6 Rd1 38.Rxh7 a5 39.bxa5+ Kxa5 40.Ra7+ Kb6 41.Ra8 Ra1 42.a5+ Kb7
43.Re8 Ra3+ 44.Kd4 Ra4+ 45.Kc3 Rxf4 46.Rxe6 Rg4 47.g3 Ra4 48.Re5 Ra2 49.Rxf5 Rxh2
50.Kd4 Ra2 51.Ke4 Ra4+ 52.Kf3 Ra3+ 53.Kf4 Ra4+ 54.Kg5 Rc4 55.Kg6 Ka6 56.Kh5 Rc1
57.g4 Rh1+ 58.Kg6 Rc1  1-0

[Event "Club Championship"]
[Site "Sao Paulo BRA"]
[Date "2005.01.22"]
[Round "1"]
[White "Maia,L"]
[Black "Tsuboi,E"]
[Result "1-0"]
[WhiteElo "2287"]
[BlackElo "2380"]

1.e4 c5 2.c3 Nf6 3.e5 Nd5 4.g3 d6 5.exd6 e6 6.Bg2 Bxd6 7.Nf3 Nc6 8.d4 O-O
9.O-O Bd7 10.Nbd2 cxd4 11.Ne4 Be7 12.Nxd4 Qb6 13.Nb3 Ne5 14.Qd4 Qxd4 15.Nxd4 Rac8
16.Rd1 Rfd8 17.h3 h6 18.b3 f5 19.Nxf5 exf5 20.Rxd5 fxe4 21.Rxe5 Bf6 22.Rd5 Bxc3
23.Rb1 Bc6 24.Rxd8+ Rxd8 25.Be3 a6 26.Rc1 Bb2 27.Rc2 Rd1+ 28.Kh2 Bf6 29.Rc4 Ra1
30.a4 Ra3 31.Bxe4 Bxe4 32.Rxe4 Rxb3 33.a5 Rb5 34.Bb6 Bc3 35.Re7 Bxa5 36.Bxa5 Rxa5
37.Rxb7 Rf5 38.Kg2 Rf7 39.Rb8+ Rf8 40.Rb4 a5 41.Ra4 Ra8 42.f4 Kf7 43.Kf3 Ke6
44.Ke4 Kd6 45.Kf5 Kc6 46.Kg6 Kb5 47.Ra1 Ra7 48.g4 Kc5 49.f5 Kd5 50.h4 Ke5
51.Re1+ Kf4 52.g5 hxg5 53.hxg5  1-0

[Event "ch-Kiev"]
[Site "Kiev UKR"]
[Date "2005.01.23"]
[Round "6"]
[White "Kovalenko,VN"]
[Black "Grinev,V"]
[Result "1-0"]
[WhiteElo "2251"]
[BlackElo "2118"]

1.e4 c5 2.c3 Nf6 3.e5 Nd5 4.d4 cxd4 5.Nf3 Nc6 6.cxd4 d6 7.Bc4 Nb6 8.Bb5 dxe5
9.Nxe5 Bd7 10.Bxc6 Bxc6 11.Nxc6 bxc6 12.O-O e6 13.Nc3 Be7 14.Qf3 Nd5 15.Rd1 O-O
16.Ne4 Rb8 17.Rb1 Qa5 18.a3 Qa4 19.Be3 Rb3 20.Nd2 Rb7 21.Rdc1 Bf6 22.Rc4 Qa5
23.Qd1 Rc8 24.Qc2 g6 25.Ne4 Be7 26.Bd2 Qb6 27.Nc5 Bxc5 28.Rxc5 h5 29.b4 Kg7
30.Rc1 Qa6 31.Qb3 Qe2 32.Qb2 Qd3 33.Rxc6 Rxc6 34.Rxc6 Nf4 35.d5+ Kh7 36.Rc8 Ne2+
37.Kh1 Nd4 38.Kg1 exd5 39.h3 Re7 40.Be3 Ne2+ 41.Kh2 d4 42.Qa1 Qf5 43.Rc5 Qe4
44.Qd1 dxe3 45.Qxe2 Qf4+ 46.g3 Qxf2+ 47.Qxf2 exf2 48.Kg2 Re3 49.Ra5 Rxg3+
50.Kxf2 Rxh3 51.Rxa7 Kh6 52.b5 Rb3 53.a4 f5 54.Rb7 Ra3 55.Ra7 Kg5 56.b6 f4
57.b7 Rb3 58.Ra5+ Kg4  1-0

[Event "IMA1"]
[Site "Marianske Lazne CZE"]
[Date "2005.01.23"]
[Round "2"]
[White "Hardarson,R"]
[Black "Van der Weide,K"]
[Result "1/2-1/2"]
[WhiteElo "2325"]
[BlackElo "2490"]

1.e4 c5 2.c3 Nf6 3.e5 Nd5 4.d4 cxd4 5.Nf3 e6 6.cxd4 b6 7.Bd3 Ba6 8.O-O Be7
9.a3 O-O 10.Bxa6 Nxa6 11.Qd3 Nac7 12.Nbd2 f5 13.exf6 gxf6 14.Ne4 Kh8 15.Bd2 Rg8
16.g3 Qe8 17.Nc3 Qh5 18.Ne1 f5 19.Qf3 Qh3 20.Rd1 Bf6 21.Ng2 Qg4 22.Qxg4 Rxg4
23.Nxd5 Nxd5 24.Nf4 Bxd4 25.Nxd5 exd5 26.Bc3 Bxc3 27.bxc3 d4 28.f3 Rg7 29.Rxd4  1/2-1/2

[Event "IMA1"]
[Site "Marianske Lazne CZE"]
[Date "2005.01.25"]
[Round "4"]
[White "Hardarson,R"]
[Black "Furman,Bo"]
[Result "1-0"]
[WhiteElo "2325"]
[BlackElo "2346"]

1.e4 c5 2.c3 Nf6 3.e5 Nd5 4.d4 cxd4 5.Nf3 Nc6 6.cxd4 d6 7.Bc4 Nb6 8.Bb3 d5
9.O-O Bg4 10.Be3 e6 11.h3 Bh5 12.Nbd2 Be7 13.Rc1 O-O 14.g4 Bg6 15.Ne1 f6
16.f4 Qd7 17.Ng2 Rac8 18.Nf3 Be4 19.exf6 Bxf3 20.Qxf3 Bxf6 21.Qf2 g6 22.Rcd1 Nc4
23.Ba4 Nd6 24.Ne1 Qg7 25.Nf3 b5 26.Bc2 Ne4 27.Qg2 Nb4 28.Bb1 Qc7 29.Rc1 Qb6
30.Ne5 Qb7 31.a3 Na6 32.Rxc8 Rxc8 33.f5 gxf5 34.gxf5+ Kh8 35.Bxe4 dxe4 36.fxe6 Bxe5
37.dxe5 Rg8 38.Bg5 Qb6+ 39.Kh1 h6 40.Bf6+ Kh7 41.Qxe4+ Rg6 42.e7 Qe6 43.Qf5 Qc6+
44.Qf3 Qe6 45.Rd1 Nc5 46.Rd8 Rg8 47.Rxg8 Qxg8 48.Qf5+  1-0

[Event "ch-Kiev"]
[Site "Kiev UKR"]
[Date "2005.01.29"]
[Round "10"]
[White "Kovalenko,VN"]
[Black "Zsiltzova Lisenko,L"]
[Result "1/2-1/2"]
[WhiteElo "2251"]
[BlackElo "2265"]

1.e4 c5 2.c3 Nf6 3.e5 Nd5 4.d4 cxd4 5.Nf3 Nc6 6.cxd4 d6 7.Bc4 dxe5 8.Bxd5 Qxd5
9.Nc3 Qd6 10.d5 Nd4 11.Nxd4 exd4 12.Qxd4 e5 13.Qd3 Bd7 14.O-O Be7 15.f4 O-O
16.fxe5 Qxe5 17.Bf4 Qh5 18.Rad1 Bf5 19.Qb5 Bg4 20.Rd2 Bg5 21.Qxb7 Bxf4 22.Rxf4 Qg5
23.Rdf2 Rae8 24.Qxa7 Bh3 25.Re4 Rxe4 26.Nxe4 Qxd5 27.Qe3 Bd7 28.Nc3 Qh5 29.Qf3 Bg4
30.Qd5 Qh6 31.h3 Be6 32.Qd3 Qg5 33.Kh2 h6 34.Qg3 Qa5 35.a3 Rd8 36.Qf4 Bb3
37.Rf3 Qb6 38.Re3 Be6 39.Re2 Rd4 40.Qe5 Rd3 41.Qf4 Rd4 42.Qf2 Qb8+ 43.Qg3 Qb6
44.Qe5 Rd3 45.a4 Qb4 46.a5 Rd7 47.a6 Qb6 48.Qb5 Qd6+ 49.Kg1 Ra7 50.Rd2 Qxd2
51.Qb8+ Kh7 52.Qxa7 Qxb2 53.Qe3 Qa1+ 54.Kh2 Qxa6 55.Qe4+ Kg8 56.Qd4 Qc4 57.Qd8+ Kh7
58.Qd2 Qc7+ 59.Kg1 Qe5 60.Ne2 Bf5 61.Kf2 g6 62.Qb4 Be4 63.Qd2 h5 64.Qe3 Qf5+
65.Kg1 h4 66.Nc3 Bc6 67.Qe2 Qf4 68.Nd1 Bd5 69.Ne3 Bc6 70.Qd2 Qe4 71.Nd1 Bd5
72.Nc3 Qxg2+ 73.Qxg2 Bxg2 74.Kxg2 f5 75.Nd5 g5 76.Ne7 g4  1/2-1/2

[Event "IMA1"]
[Site "Marianske Lazne CZE"]
[Date "2005.01.29"]
[Round "8"]
[White "Hardarson,R"]
[Black "Petr,Ma"]
[Result "1-0"]
[WhiteElo "2325"]
[BlackElo "2266"]

1.e4 c5 2.c3 Nf6 3.e5 Nd5 4.d4 cxd4 5.Nf3 Nc6 6.cxd4 d6 7.Bc4 Nb6 8.Bb5 dxe5
9.Nxe5 Bd7 10.Bxc6 Bxc6 11.Nxc6 bxc6 12.O-O e6 13.Qg4 Qf6 14.Nc3 Be7 15.Rd1 Qg6
16.Qf3 Rc8 17.Ne4 O-O 18.Bf4 Qf5 19.Ng3 Qd5 20.Qg4 Nd7 21.Bh6 g6 22.Bxf8 Bxf8
23.Qe4 Bg7 24.Rac1 Qxa2 25.Rxc6 Rd8 26.Rc7 Qxb2 27.Rxa7 Nf6 28.Qb7 Qxb7 29.Rxb7 e5
30.Ne2 exd4 31.Rxd4 Re8 32.Kf1 h5 33.h3 Ne4 34.Rdb4 Re6 35.f3 Nc5 36.Rc7 Bf8
37.Rc4 Nd3 38.Rd4 Ne5 39.Re4 Rc6 40.Rxc6 Nxc6 41.Nc3 Nd8 42.Nd5 Ne6 43.Ra4 Kg7
44.Ra7 Bc5 45.Rb7 Bd4 46.f4 Bc5 47.Ke2 Bd4 48.Kf3 Ba1 49.g4 hxg4+ 50.hxg4 Bd4
51.f5 gxf5 52.gxf5 Nf8 53.Nf4 Kg8 54.Nh5 Be5 55.Ke4 Bh2 56.Rb2 Bd6 57.Nf6+ Kh8
58.Rg2  1-0

[Event "13th Fajr Open"]
[Site "Tehran IRI"]
[Date "2005.01.29"]
[Round "4"]
[White "Darban,M"]
[Black "Ghaem Maghami,E"]
[Result "1/2-1/2"]
[WhiteElo "2404"]
[BlackElo "2623"]

1.e4 c5 2.c3 Nf6 3.e5 Nd5 4.Nf3 Nc6 5.Bc4 Nb6 6.Bb3 d5 7.exd6 Bf5 8.d4 c4
9.Bc2 Bxc2 10.Qxc2 exd6 11.O-O Be7 12.Nbd2 O-O 13.Re1 Qd7 14.Nf1 f5 15.Bg5 Rae8
16.N1d2 h6 17.Bxe7 Nxe7 18.b3 Qc6  1/2-1/2

[Event "Corus C"]
[Site "Wijk aan Zee NED"]
[Date "2005.01.29"]
[Round "12"]
[White "Jonkman,H"]
[Black "Bosboom,M"]
[Result "1-0"]
[WhiteElo "2399"]
[BlackElo "2426"]

1.e4 c5 2.c3 Nf6 3.e5 Nd5 4.Nf3 d6 5.d4 cxd4 6.cxd4 Nc6 7.Bc4 Nb6 8.Bb3 dxe5
9.d5 Na5 10.Nc3 Nxb3 11.Qxb3 e6 12.Nxe5 Bd6 13.Qb5+ Kf8 14.dxe6 Bxe6 15.Bf4 Bxe5
16.Qxe5 Nc4 17.Qe4 g5 18.Rd1 Qe7 19.Bc1 Rg8 20.O-O Rg6 21.Rfe1 Rc8 22.Qd4 Kg8
23.Nd5 Qd8 24.b3 Nb6 25.Bb2  1-0

[Event "Oceania zt"]
[Site "Auckland NZL"]
[Date "2005.02.01"]
[Round "5"]
[White "Perry,R NZL"]
[Black "Stojic,D"]
[Result "0-1"]
[WhiteElo "2186"]
[BlackElo "2036"]

1.e4 c5 2.c3 Nf6 3.e5 Nd5 4.d4 cxd4 5.Nf3 Nc6 6.cxd4 d6 7.Bc4 Nb6 8.Bb3 dxe5
9.d5 Nd4 10.Nxd4 exd4 11.Qxd4 e6 12.Nc3 exd5 13.O-O Be6 14.Rd1 Qd7 15.a4 Qc6
16.a5 Nd7 17.Bxd5 Bxd5 18.Nxd5 f6 19.Bf4 Bc5 20.Qe4+ Kf7 21.Rac1 Rae8 22.Qc4 Qe6
23.Nc7 Qxc4 24.Rxc4 Rd8 25.b4 Ne5 26.Rxd8 Rxd8 27.Rc1 Bxb4 28.a6 bxa6 29.Nxa6 Ba5
30.Kf1 Rd6 31.Nc5 Rc6 32.Nb3 Rxc1+ 33.Nxc1 Ke6 34.Ke2 Kd5 35.Be3 Bb6 36.Bd2 Kc4
37.f4 Nc6 38.g4 Nd4+ 39.Kf1 Nb3 40.Nxb3 Kxb3 41.f5 a5  0-1

[Event "2nd GM"]
[Site "Kish IRI"]
[Date "2005.02.03"]
[Round "3"]
[White "Darban,M"]
[Black "Paridar,S"]
[Result "0-1"]
[WhiteElo "2404"]
[BlackElo "2274"]

1.e4 c5 2.c3 Nf6 3.e5 Nd5 4.Nf3 e6 5.Bc4 Nb6 6.Bb3 c4 7.Bc2 d6 8.Qe2 Nc6
9.O-O Qc7 10.exd6 Bxd6 11.b3 Ne5 12.Nxe5 Bxe5 13.g3 Bd7 14.Na3 cxb3 15.axb3 a6
16.d4 Bf6 17.Nc4 Nd5 18.Ba3 Nxc3 19.Qd2 Nb5 20.Bc5 Bc6 21.Qb4 Bxd4 22.Bxd4 Nxd4
23.Nd6+ Qxd6 24.Qxd6 Ne2+  0-1

[Event "2nd GM"]
[Site "Kish IRI"]
[Date "2005.02.05"]
[Round "6"]
[White "Paridar,S"]
[Black "Ghaem Maghami,E"]
[Result "0-1"]
[WhiteElo "2274"]
[BlackElo "2623"]

1.e4 c5 2.c3 Nf6 3.e5 Nd5 4.d4 cxd4 5.Nf3 e6 6.cxd4 d6 7.Bd3 dxe5 8.Nxe5 Bb4+
9.Kf1 Nd7 10.a3 Bd6 11.Nc4 Bf4 12.Nc3 O-O 13.Qc2 Qh4 14.g3 Qh3+ 15.Kg1 Bxc1
16.Rxc1 N7b6 17.Ne5 Nxc3 18.bxc3 f6 19.Bf1 Qh6 20.Ng4 Qg5 21.Ne3 Bd7 22.Bg2 Qa5
23.Bxb7 Rab8 24.Bg2 Rfc8 25.c4 Na4 26.h3 Rb2 27.Qd3 Rd2 28.Qb3 Rxd4 29.Kh2 Nc5
30.Qb2 Rd3 31.Nc2 Qd2 32.Rhf1 Ba4 33.Rfd1 Qxf2 34.Rxd3 Nxd3 35.Qb7 Re8 36.Qa6 Bxc2
37.Qc6 Kf7  0-1

[Event "XII TCh-RUS 1st League"]
[Site "Smolensk RUS"]
[Date "2005.02.05"]
[Round "4"]
[White "Silivanov,S"]
[Black "Newerovski,G"]
[Result "0-1"]
[WhiteElo "2376"]
[BlackElo "2321"]

1.e4 c5 2.c3 Nf6 3.e5 Nd5 4.Nf3 d6 5.Bc4 dxe5 6.Nxe5 e6 7.O-O Be7 8.d4 cxd4
9.cxd4 Nc6 10.Nxc6 bxc6 11.Nc3 O-O 12.Bd3 Bf6 13.Ne4 Bxd4 14.Ng5 Nf6 15.Qc2 h6
16.Nh7 Nxh7 17.Bxh7+ Kh8 18.Qxc6 Rb8 19.Bb1 Bb7 20.Qc2 f5 21.Kh1 Qf6 22.Qe2 Bd5
23.Bd3 Rfc8 24.Ba6 Rc6 25.a4 e5 26.Bb5 Rcb6 27.Bc4 Rxb2 28.Bxb2 Rxb2 29.Rab1 Rxe2
30.Bxe2 Qc6 31.f3 Qc2 32.Bb5 e4 33.Rbe1 a6 34.Re2 Qb3 35.fxe4 Bxe4 36.Bd7 Qd3
37.Ree1 Qd2 38.Rxe4 fxe4 39.Bf5 g6 40.Bxe4  0-1

[Event "XII TCh-RUS 1st League"]
[Site "Smolensk RUS"]
[Date "2005.02.08"]
[Round "7"]
[White "Deviatkin,A"]
[Black "Ivanov,AA"]
[Result "1-0"]
[WhiteElo "2512"]
[BlackElo "2382"]

1.e4 c5 2.c3 Nf6 3.e5 Nd5 4.d4 cxd4 5.Qxd4 e6 6.Nf3 Nc6 7.Qe4 f5 8.Qe2 Qc7
9.g3 Nde7 10.Na3 Ng6 11.Nb5 Qb8 12.Bg2 a6 13.Nd6+ Bxd6 14.exd6 Qxd6 15.O-O O-O
16.h4 Nge5 17.Bf4 Qd3 18.Qxd3 Nxd3 19.Bd6 Re8 20.b3 e5 21.Rad1 e4 22.Ne1 Nde5
23.f3 e3 24.Rd5 Nf7 25.Nc2 b5 26.Bf4 Ne7 27.Rd3 e2 28.Re1 Ng6 29.Bd2 Bb7
30.Rxd7 Bc6 31.Rc7 Bd5 32.Nd4 Rad8 33.Kf2 Nfe5 34.Rxe2 Nd3+ 35.Kf1 f4 36.h5 Nf8
37.Bxf4 Nxf4 38.gxf4 Rc8 39.Rxc8 Rxc8 40.Nf5 Rd8 41.Kf2 Kf7 42.Rd2 Rd7 43.h6 g6
44.Ng3 Be6 45.Rxd7+ Nxd7 46.Ne4 Ke7 47.Ke3 Nb6 48.Kd4 Nd5 49.f5 gxf5 50.Ng3 Bg8
51.Bh3 f4 52.Nh5  1-0

[Event "XII TCh-RUS 1st League"]
[Site "Smolensk RUS"]
[Date "2005.02.10"]
[Round "9"]
[White "Deviatkin,A"]
[Black "Arzumanian,G"]
[Result "1/2-1/2"]
[WhiteElo "2512"]
[BlackElo "2437"]

1.e4 c5 2.c3 Nf6 3.e5 Nd5 4.d4 cxd4 5.Qxd4 e6 6.Nf3 Nc6 7.Qe4 f5 8.Qe2 b6
9.g3 a5 10.Bg2 Ba6 11.c4 a4 12.O-O Na5 13.b3 axb3 14.axb3 Rc8 15.Nh4 Ne7
16.Bg5 Qc7 17.Nc3 g6 18.Bf6 Rg8 19.Rfd1 Qc5 20.Qd3 Rc7 21.Na4 Qb4 22.Qd6 Nd5
23.Qxb4 Nxb4 24.Nxb6 Nxb3 25.Ra4 g5 26.Nf3 Rb7 27.Nc8 Rb8 28.Nd6+ Bxd6 29.exd6 Nc5
30.Ra5 Ne4 31.Be7 Bxc4 32.Ne5 Bd5 33.Rb1 Rg7 34.Ra7 Rxe7 35.dxe7 Nc6 36.Rxb8+ Nxb8
37.f3 Nc5 38.f4 Bxg2 39.Kxg2 gxf4 40.gxf4 Kxe7 41.Rc7 Nba6 42.Rc8 d6 43.Nc4 Nd3
44.Kf3 e5 45.fxe5 dxe5 46.Rh8 Nac5 47.Rxh7+ Kf6 48.Nd2  1/2-1/2

[Event "XII TCh-RUS 1st League"]
[Site "Smolensk RUS"]
[Date "2005.02.10"]
[Round "9"]
[White "Pogosian,G"]
[Black "Ivanov,Al3"]
[Result "1-0"]
[WhiteElo "2246"]
[BlackElo "2350"]

1.e4 c5 2.c3 Nf6 3.e5 Nd5 4.d4 cxd4 5.Nf3 Nc6 6.Bc4 Nb6 7.Bb3 d5 8.exd6 Qxd6
9.O-O Be6 10.Bxe6 Qxe6 11.Nxd4 Nxd4 12.cxd4 Qd7 13.Nc3 Rd8 14.Be3 e6 15.Qg4 Nd5
16.Rac1 Nf6 17.Qg3 Nh5 18.Qe5 Nf6 19.Qg3 Nh5 20.Qg5 g6 21.d5 Be7 22.dxe6 fxe6
23.Qe5 Bf6 24.Qe4 O-O 25.Bxa7 Bxc3 26.bxc3 Ra8 27.Bd4 Rxa2 28.Rb1 Rf7 29.Qe5 Ng7
30.Ra1 Rxa1 31.Rxa1 h6 32.h3 Qc7 33.Ra8+ Kh7 34.Qe3 Qf4 35.Qe1 g5 36.g4 Rf8
37.Qb1+ Kg8 38.Qxb7 e5 39.Rxf8+ Kxf8 40.Qb8+ Kf7 41.Bxe5 Qc1+ 42.Kg2 Ne6
43.Qb7+ Kg6 44.Qe4+ Kf7 45.Qf5+ Ke7 46.Qf6+  1-0

[Event "Aeroflot Open B"]
[Site "Moscow RUS"]
[Date "2005.02.15"]
[Round "1"]
[White "Ivanov,Vic"]
[Black "Turov,M"]
[Result "1/2-1/2"]
[WhiteElo "2463"]
[BlackElo "2543"]

1.e4 c5 2.c3 Nf6 3.e5 Nd5 4.Nf3 Nc6 5.d4 cxd4 6.Bc4 Nb6 7.Bb3 d5 8.exd6 Qxd6
9.O-O Be6 10.Na3 dxc3 11.Qe2 Bxb3 12.Nb5 Qb8 13.axb3 g6 14.Be3 Nc8 15.Ra4 Bg7
16.Bf4 e5 17.Nxe5 Nxe5 18.Bxe5 Bxe5 19.f4 O-O 20.fxe5 cxb2 21.Raf4 f5 22.Qc4+ Kh8
23.Qc3 Ne7 24.Nc7 Nc6 25.e6+ Kg8 26.e7 Qxc7 27.exf8=Q+ Rxf8 28.Qxb2 Ne5 29.Qd4 a5
30.Qd5+ Kg7 31.Rd4 Re8 32.h3 Qb6 33.Kh1 Nc6 34.Rdd1 Qb4 35.Qf3 Re7 36.Qd5 h5
37.Ra1 Re5 38.Qd7+ Kh6 39.Qd3 Qd4 40.Qg3 Re3 41.Qf2 Rxb3 42.Qxd4 Nxd4 43.Rxa5 Ne2
44.Re1 Ng3+ 45.Kg1 Rb2 46.Raa1 Ne2+ 47.Kh1 Nf4 48.Rab1 Rc2  1/2-1/2

[Event "76th ch-GER"]
[Site "Altenkirchen GER"]
[Date "2005.02.19"]
[Round "2"]
[White "Meister,Y"]
[Black "Degtiarev,E"]
[Result "1/2-1/2"]
[WhiteElo "2519"]
[BlackElo "2297"]

1.e4 c5 2.c3 Nf6 3.e5 Nd5 4.Bc4 Nb6 5.Bb3 d5 6.exd6 Qxd6 7.d4 cxd4 8.cxd4 Nc6
9.Ne2 Be6 10.O-O Bxb3 11.Qxb3 e6 12.Bf4 Qd7 13.Qg3 Ne7 14.Nbc3 Nf5 15.Qf3 Be7
16.Rfd1 Rd8 17.d5 exd5 18.a4 Nh4 19.Qg3 Nf5 20.Qh3 d4 21.Nb5 Nd5 22.Be5 a6
23.Nbxd4 Nxd4 24.Qxd7+ Rxd7 25.Nxd4 f6 26.Bg3 Kf7 27.Nf5 Rhd8 28.Nxe7 Nxe7
29.Rxd7 Rxd7 30.h3 Rd4 31.b3 Nc6 32.Rb1 a5 33.Bc7 Rd3 34.Bb6 Ke6 35.Kf1 Rd2
36.Be3 Rd5 37.Ke2 Nd4+ 38.Bxd4 Rxd4 39.Rc1 Rb4 40.Rc3 g5 41.Kd2 h5 42.Re3+  1/2-1/2